000 01138nas a2200325 4500
001 BR2016001547
003 BR-BrBNA
005 20231205130252.0
007 ta
008 230509b bl.|||p| |||| 00| 00por d
040 _aBR-BrBNA
_bpor
_cBiblioteca Nacional de Agricultura
041 _a(En)
072 _aL51; L01
100 1 _aMohammadi-Arekhlo, M.
100 1 _aTowhidi, A.
100 1 _aMoravej, H.
100 1 _aSharafi, M.
245 1 _aEffect of different zilpaterol hydrochloride levels and feeding methods on the growth performance, carcass traits and blood parameters of male japanese quails during two weeks of the finishing period
650 _aCODORNA
650 _aCARNE
650 _aQUALIDADE
650 _aGANHO DE PESO
650 _aCONVERSÃO ALIMENTAR
650 _aSUPLEMENTO ALIMENTAR
650 _aDIETA
773 0 _tRevista Brasileira de Ciência Avícola (Brazil)
_xISSN 1806-9061
_g(Oct-Dec 2015), v. 17(4) p. 567-574
_wBR2016001547
856 4 0 _uhttp://www.scielo.br/pdf/rbca/v17n4/1516-635X-rbca-17-04-00567.pdf
909 _a202311
_bLúcia
_c55
_dLúcia Elande
942 _2AGRIS
_n0
_cANA
999 _c248556
_d248556